000 00382 a2200169 4500
001 192484
020 _a978-85-262-8154-7
040 _cMagnum
100 _aBarreto, Lima
240 1 0 _aClara dos anjos e outros contos
_lpor
245 1 0 _aClara dos anjos e outros contos
300 _a135
362 0 _a2012
440 1 _aScipione
697 _aLITERATURA GERAL
942 _cBK
999 _c192484
_d192484